Normal view
MARC view
Entry Topical Term
001 - CONTROL NUMBER
- control field: 32233
003 - CONTROL NUMBER IDENTIFIER
- control field: dpl
005 - DATE AND TIME OF LATEST TRANSACTION
- control field: 20110810104329.0
008 - FIXED-LENGTH DATA ELEMENTS
- fixed length control field: 110810|||a|||||| | ||| d
040 ## - CATALOGING SOURCE
- Original cataloging agency: dpl
- Transcribing agency: dpl
150 ## - HEADING--TOPICAL TERM
- Topical term or geographic name as entry element: Islamic architecture
- Geographic subdivision: India
- Geographic subdivision: Delhi
670 ## - SOURCE DATA FOUND
- Source citation: Work cat.: (dpl)51363: Balasubramaniam, R. 32230, The world heritage complex of the Qutub /, 2005
670 ## - SOURCE DATA FOUND
- Source citation: Work cat.: (dpl)51363: Balasubramaniam, R. 32230, The world heritage complex of the Qutub /, 2005
